Najważniejsze Pasma Górskie Świata - Statystyki

Ogólne statystyki
  • Ten quiz został rozwiązany 183 razy
  • Średni wynik to 16 z 37
Odpowiedzi na mapie
Odpowiedzi zakodowano w zielono-czerwonej skali na mapie do tego quizu, zgodnie z poniższymi procentami.
 
Statystyki odpowiedzi
% Poprawnych
93%
92%
92%
91%
89%
81%
76%
76%
68%
64%
64%
59%
57%
51%
44%
40%
39%
36%
35%
33%
32%
31%
31%
24%
21%
21%
20%
20%
17%
17%
16%
15%
9%
9%
9%
7%
5%
Nie znaleziono quizów pasujących do podanych kryteriów
Rozkład punktacji
Procent ludzi z każdym wynikiem
Percentyl według liczby udzielonych odpowiedzi
Twoja historia wyników
Nie rozwiązałeś tego quizu